| 000 | 00580cam a2200193 a 4500 | ||
|---|---|---|---|
| 001 | 000008840 | ||
| 005 | 20200929161425.0 | ||
| 008 | 720606s1968 ve 000 f spa | ||
| 040 |
_aDO-SdBNP _bspa _cBNPHU |
||
| 082 |
_axx _bG233d |
||
| 100 | 1 |
_aGarmendia, Salvador, _d1928-2001. _921741 |
|
| 245 | 1 | 0 |
_aDía de ceniza : _bnovela / _cSalvador Garmendia. |
| 260 |
_aCaracas, Venezuela : _bMonte Ávila, _c[1968]. |
||
| 300 |
_a210 p. ; _c20 cm. |
||
| 490 | 1 | _aPrisma | |
| 650 | 4 |
_aNovela venezolana _93962 |
|
| 650 | 4 |
_aLiteratura venezolana _ySIGLO XX _99777 |
|
| 830 | 0 |
_aPrisma _93770 |
|
| 999 |
_c8609 _d8609 |
||